Normal view
MARC view
Entry Personal Name
001 - CONTROL NUMBER
- control field: 16340
003 - CONTROL NUMBER IDENTIFIER
- control field: OSt
005 - DATE AND TIME OF LATEST TRANSACTION
- control field: 20200221104515.0
008 - FIXED-LENGTH DATA ELEMENTS
- fixed length control field: 200221|| aca||aabn | a|a d
040 ## - CATALOGING SOURCE
- Original cataloging agency: OSt
- Transcribing agency: OSt
100 ## - HEADING--PERSONAL NAME
- Personal name: Patnaik, Utsa
670 ## - SOURCE DATA FOUND
- Source citation: Work cat.: (OSt): Patnaik, Utsa, The revenue impact on the Indian masses of exchange rate changes in the context of the drain of wealth, 1871 to 1901
